000 00600nam a22002177a 4500
003 UA-OsUOA
001 41871
007 ta
008 20081110b un ||||| |||| 00| 0 ukr d
090 _a061
_bТ67
942 _cBR
040 _aUA-OsUOA
_bukr
_cUA-OsUOA
_dUA-OsUOA
245 _aТринадцятий конгрес Українців Канади
_bВідзначує 40 років праці КУК 1940-1980
300 _a16 с.
955 _a4
041 _aukr
080 _a061
260 _aВінніпег
_c1980
650 7 _a0 Загальний відділ.
_2UDC
999 _c440370
_d440370